| 000 | 00826nam0a22002411 4500 | ||
|---|---|---|---|
| 001 | rc\2739531 | ||
| 005 | 20250529140732.0 | ||
| 035 | _a(NLR Aleph) 006866725 | ||
| 090 |
_a6904487 _c6904487 |
||
| 100 | _a20110915d1937 |||y0rusy50 ca | ||
| 101 | 0 | _arus | |
| 102 | _aRU | ||
| 105 | _ay z ||||| | ||
| 200 | 1 |
_aПролетарская революция и советская интеллигенция _fАкад. Б. А. Келлер |
|
| 210 |
_aМосква _cСоцэкгиз _d1937 _gтипо-лит. им. Воровского |
||
| 215 |
_aОбл., 47 с., 1 с. объявл. _d19х13 см. |
||
| 700 | 1 |
_aКеллер _bБ.А. _f1874-1945 _gБорис Александрович |
|
| 801 | 0 |
_aRU _bNLR _gpsbo |
|
| 801 | 1 |
_aRU _bELAR _2rusmarc |
|
| 852 |
_aNLR _j37-10/4139 |
||
| 942 | _cBOOK | ||
| 980 | _aNB | ||